Obálka Náhled e-knihy:
PDF Epub
Pro půjčování e-knih musíte být přihlášeni.
Jak si půjčit online?

Zachraň mě /

Středoškolská romance německé autorky ze světa dramatické první lásky a romantiky studentských let.

Uloženo v:
Série:Zachraň mě, část 1
Maxton Hall, část 1
Hlavní autor: Kasten, Mona, 1992- (Autor)
Další autoři: Nimrichtrová, Nora, 1973- (Autor)
Médium: E-kniha
Jazyk:Czech
Vydáno: Praha : Dobrovský s.r.o., 2021
Edice:Red
Témata:
Příbuzné jednotky:Z cyklu:: Zachraň mě
Z cyklu:: Maxton Hall
Tagy:
Žádné tagy
LEADER 02523nam a2200457 i 4500
001 299217
003 CZ PrSKC
005 20260426063158.0
007 ta
008 210611s2021 xr g 000 f cze
015 |a cnb003180039 
020 |a 9788076425910  |q (vázáno) 
035 |a (OCoLC)1274109533 
040 |a ABG001  |b cze  |d ABA001  |e rda 
041 1 |a cze  |h ger 
072 7 |a 821.112.2-3  |x Německá próza, německy psaná  |2 Konspekt 
080 |a 821.112.2-31  |2 MRF 
080 |a (0:82-312.5)  |2 MRF 
100 1 |a Kasten, Mona,  |d 1992-  |7 xx0225624  |4 aut 
240 1 0 |a Save me.  |l Česky 
245 1 0 |a Zachraň mě /  |c Mona Kasten ; z německého originálu Save me přeložila Nora Nimrichtrová 
264 1 |a Praha :  |b Dobrovský s.r.o.,  |c 2021 
300 |a 320 stran ;  |c 21 cm 
336 |a text  |b txt  |2 rdacontent 
337 |a bez média  |b n  |2 rdamedia 
338 |a svazek  |b nc  |2 rdacarrier 
490 1 |a Red 
520 2 |a Středoškolská romance německé autorky ze světa dramatické první lásky a romantiky studentských let.  |b Rodina Ruby je docela obyčejná, ale harmonická, zatímco James je dědicem starobylého oděvního impéria a příkladem zkaženého, nevychovaného mladíka, který se snaží „užít si poslední rok na střední“. Kniha je o jejich vzájemné přitažlivosti a štěstí, které spolu nacházejí, ale o které musejí bojovat, a stále znovu jim uniká. Je o tom, jaké to je, projít se po prvé kampusem oxfordské univerzity, na které Ruby od dětství touží studovat, a přáních, která se možná splní. Jaké to je, když se potkají na přijímacích zkouškách na Oxford daleko od domova. Nakladatelská anotace. 
655 7 |a německé romány  |7 fd132945  |2 czenas 
655 7 |a milostné romány  |7 fd132840  |2 czenas 
655 9 |a German fiction  |2 eczenas 
655 9 |a love novels  |2 eczenas 
700 1 |a Nimrichtrová, Nora,  |d 1973-  |7 xx0074342  |4 trl 
787 0 8 |i Z cyklu:  |t Zachraň mě  |g 1 
787 0 8 |i Z cyklu:  |t Maxton Hall  |g 1 
830 0 |a Red 
900 |a ABA001  |b 21 
044 |a xr 
910 |a RBIT002 
998 |d 331821  |a https://core.palmknihy.cz/api/books/331821/cover?qwhjx4  |b https://core.palmknihy.cz/api/books/331821/cover/400?qwhjx4  |c https://core.palmknihy.cz/api/books/331821/cover/50?qwhjx4  |e 2031-04-23  |g 328  |i 9788076425910  |j https://core.palmknihy.cz/api/books/331821/preview.epub  |k https://core.palmknihy.cz/api/books/331821/preview.pdf  |l   |q 49  |r 1  |s https://www.palmknihy.cz/kniha/331821  |t ebook  |y 2021  |z 0  |v Maxton Hall  |w 1 
999 |d 299215